[Event "USA-ch15 prel 03 corr"]
[Site "USA"]
[Date "2000.06.20"]
[Round "?"]
[White "Dowling, John G"]
[Black "Gorokhovski, Vincent M"]
[Result "1-0"]
[WhiteElo "2182"]
[BlackElo "2397"]
[PlyCount "57"]
[EventDate "2000.06.20"]
[EventType "tourn (corr)"]
[EventRounds "12"]
[EventCountry "USA"]
[SourceTitle "Corr 2006"]
[Source "ChessBase"]
[SourceDate "2006.04.01"]
[SourceVersion "3"]
[SourceVersionDate "2006.04.01"]
[SourceQuality "1"]

1. e4 c6 2. d4 d5 3. Nc3 e6 4. e5 c5 5. Nf3 Nc6 6. Ne2 cxd4 7. Nexd4 Nge7 8. Bd3 Ng6 9. Nxc6 bxc6 10. h4 Qc7 11. Qe2 f6 12. exf6 gxf6 13. h5 Ne5 14. Nxe5 Qxe5 15. Qxe5 fxe5 16. f3 Be7 17. b3 0-0 18. Bb2 Bd6 19. 0-0-0 Bb7 20. h6 Kh8 21. Rh5 d4 22. Be4 Rf7 23. c3 c5 24. Bxb7 Rxb7 25. f4 c4 26. fxe5 dxc3 27. exd6 cxb2+ 28. Kxb2 Rd7 29. bxc4 1-0

[Event "USA-ch15 prel 03 corr"]
[Site "USA"]
[Date "2000.06.20"]
[Round "?"]
[White "Gorokhovski, Vincent M"]
[Black "McKellop, Thomas J"]
[Result "1-0"]
[WhiteElo "2397"]
[BlackElo "2027"]
[PlyCount "49"]
[EventDate "2000.06.20"]
[EventType "tourn (corr)"]
[EventRounds "12"]
[EventCountry "USA"]
[SourceTitle "Corr 2006"]
[Source "ChessBase"]
[SourceDate "2006.04.01"]
[SourceVersion "3"]
[SourceVersionDate "2006.04.01"]
[SourceQuality "1"]

1. e4 d5 2. exd5 Nf6 3. d4 Bg4 4. f3 Bf5 5. c4 e6 6. dxe6 Nc6 7. Be3 Bb4+ 8. Nc3 Qe7 9. a3 Bxc3+ 10. bxc3 Qxe6 11. Kf2 0-0-0 12. Bf4 Nh5 13. Bc1 Rhe8 14. g4 Bxg4 15. fxg4 Nf6 16. h3 h5 17. Qf3 hxg4 18. hxg4 Nxg4+ 19. Qxg4 f5 20. Qg3 Nxd4 21. cxd4 Rxd4 22. Qc3 Re4 23. Nf3 Kb8 24. Ng5 Re2+ 25. Kg1 1-0

[Event "USA-ch15 prel 03 corr"]
[Site "USA"]
[Date "2000.06.20"]
[Round "?"]
[White "Greer, Vernon L"]
[Black "Gorokhovski, Vincent M"]
[Result "1/2-1/2"]
[WhiteElo "2067"]
[BlackElo "2397"]
[PlyCount "67"]
[EventDate "2000.06.20"]
[EventType "tourn (corr)"]
[EventRounds "12"]
[EventCountry "USA"]
[SourceTitle "Corr 2006"]
[Source "ChessBase"]
[SourceDate "2006.04.01"]
[SourceVersion "3"]
[SourceVersionDate "2006.04.01"]
[SourceQuality "1"]

1. c4 Nf6 2. Nc3 g6 3. g3 Bg7 4. e4 e5 5. Bg2 Nc6 6. Nge2 d6 7. 0-0 0-0 8. d3 Be6 9. h3 Qd7 10. Kh2 Nh5 11. g4 Nf6 12. Ng3 Qd8 13. Be3 Re8 14. f4 exf4 15. Bxf4 Nd7 16. Nf5 Be5 17. Kh1 Bxf4 18. Rxf4 Nde5 19. Ne3 Nb4 20. d4 Nxc4 21. Nxc4 Bxc4 22. Rf3 d5 23. e5 c5 24. b3 cxd4 25. bxc4 dxc3 26. Qb3 Qb6 27. a3 Nc6 28. Qxb6 axb6 29. cxd5 Nxe5 30. Rxc3 Rec8 31. Rb3 Nd7 32. d6 Rc2 33. Bxb7 Re8 34. Rd1 1/2-1/2